| 000 | 00639nam a2200229Ia 4500 | ||
|---|---|---|---|
| 005 | 20241129120158.0 | ||
| 008 | 241129s9999||||xx |||||||||||||| ||und|| | ||
| 020 | _a9780367421021 | ||
| 037 | _aTB | ||
| 040 |
_aSDCL _beng _cSDCL |
||
| 041 |
_aeng _2eng |
||
| 084 |
_aV3'L, R4 _qSDCL |
||
| 100 |
_aSteinbach Susie L. _9729349 |
||
| 245 | 0 | _aUnderstanding the victorians : Politics, culture and society in Nineteenth- Century Britain | |
| 250 | _a3rd | ||
| 260 |
_aLondon _bRoutledge _c2024 |
||
| 300 | _axxvi,390p. | ||
| 365 |
_aGBP _b34.99 |
||
| 650 | _aEnglish | ||
| 942 |
_cTB _hV3'L, R4 |
||
| 999 |
_c1233680 _d1233680 |
||